[Event "Hyderabad Singh Ji Memorial"]
[Site "Hyderabad"]
[Date "2023.01.10"]
[Round "1"]
[White "Praveen, Prasad P"]
[Black "Sahejdeep, Kaur"]
[Result "1-0"]
[WhiteElo "2198"]
[BlackElo "1185"]
[PlyCount "155"]
[EventDate "2023.01.10"]
[EventType "swiss"]
[EventRounds "9"]
[EventCountry "IND"]
[SourceTitle "CBM 212 Extra"]
[Source "ChessBase"]
[SourceDate "2023.03.31"]
[SourceVersion "1"]
[SourceVersionDate "2023.03.31"]
[SourceQuality "1"]

1. c3 c6 2. g3 d5 3. Bg2 Nf6 4. f4 Bf5 5. d3 e6 6. a4 a5 7. Nf3 Nbd7 8. 0-0 Bc5+ 9. e3 0-0 10. Kh1 h6 11. Qe2 Bd6 12. Nbd2 Nc5 13. Ne1 Qb6 14. e4 Bg4 15. Qe3 dxe4 16. dxe4 Bc7 17. h3 Bh5 18. g4 Bg6 19. Nc4 Qa7 20. f5 Bh7 21. e5 Nd5 22. Qg3 Qb8 23. Be3 Nd7 24. Nd3 b5 25. Bxd5 exd5 26. Nd6 Nxe5 27. Qxe5 Bxd6 28. Qd4 Qe8 29. axb5 Qe4+ 30. Qxe4 dxe4 31. Nf2 cxb5 32. Rfd1 Bc7 33. Rd7 Bd8 34. Kg2 Re8 35. Re1 Bh4 36. Re2 a4 37. Bc5 g6 38. Rxe4 Bxf2 39. Rxe8+ Rxe8 40. fxg6 Bxg6 41. Kxf2 h5 42. Be7 hxg4 43. hxg4 f5 44. Bf6 Kf8 45. Bg7+ Kg8 46. Bd4 Re6 47. Rd8+ Kf7 48. g5 Bh5 49. Rh8 Re2+ 50. Kg3 Bg6 51. c4 Rd2 52. Bf6 Rd3+ 53. Kf4 bxc4 54. Ra8 Rh3 55. Ra7+ Ke6 56. Ra6+ Kf7 57. Ra7+ Ke6 58. Ra6+ Kf7 59. Rxa4 Rh4+ 60. Ke5 Re4+ 61. Kd5 Ke8 62. Ra8+ Kd7 63. Rd8+ Kc7 64. Rf8 Kd7 65. Bd4 Ke7 66. Bc5+ Kd7 67. Rf6 Be8 68. Rxf5 Rg4 69. Be3 Bg6 70. Rf6 Bd3 71. Rf7+ Ke8 72. Rf2 Re4 73. Bd4 Rg4 74. Bf6 Bg6 75. Rf1 Be4+ 76. Kd6 Bd3 77. Rf3 Kf7 78. b4 1-0

[Event "Kurunegala op 11th"]
[Site "Kurunegala"]
[Date "2019.12.02"]
[Round "5"]
[White "Mathushan, Rajasegar"]
[Black "Praveen, Prasad P"]
[Result "0-1"]
[WhiteElo "1605"]
[BlackElo "2229"]
[PlyCount "68"]
[EventDate "2019.11.30"]
[EventType "swiss"]
[EventRounds "10"]
[EventCountry "SRI"]
[SourceTitle "CBM 193 Extra"]
[Source "ChessBase"]
[SourceDate "2020.01.31"]
[SourceVersion "1"]
[SourceVersionDate "2020.01.31"]
[SourceQuality "1"]

1. e4 c5 2. c4 g6 3. Nc3 Bg7 4. Nf3 Nc6 5. d3 d6 6. h3 e6 7. a3 Nge7 8. Be3 Nd4 9. Bxd4 cxd4 10. Na2 0-0 11. h4 f5 12. h5 a5 13. Ng5 h6 14. Nf3 g5 15. Qd2 Bd7 16. Rc1 e5 17. Nxg5 hxg5 18. Qxg5 Nc6 19. Qd2 Kh7 20. exf5 Bh6 21. Qe2 Bxc1 22. Nxc1 Qg5 23. Nb3 Bxf5 24. f3 Qg3+ 25. Kd1 d5 26. cxd5 Ne7 27. Nd2 Nxd5 28. Ne4 Qg7 29. h6 Qg6 30. g4 Ne3+ 31. Ke1 Bxe4 32. dxe4 Rac8 33. Qb5 Rc1+ 34. Kd2 Rd1+ 0-1

[Event "Kurunegala op 11th"]
[Site "Kurunegala"]
[Date "2019.12.01"]
[Round "3"]
[White "Fernando, WS Sanash Damion"]
[Black "Praveen, Prasad P"]
[Result "0-1"]
[WhiteElo "1297"]
[BlackElo "2229"]
[PlyCount "104"]
[EventDate "2019.11.30"]
[EventType "swiss"]
[EventRounds "10"]
[EventCountry "SRI"]
[SourceTitle "CBM 193 Extra"]
[Source "ChessBase"]
[SourceDate "2020.01.31"]
[SourceVersion "1"]
[SourceVersionDate "2020.01.31"]
[SourceQuality "1"]

1. e4 c5 2. Nf3 d6 3. Nc3 Nf6 4. Bc4 e6 5. d3 Be7 6. Be3 a6 7. e5 dxe5 8. Nxe5 Qc7 9. d4 0-0 10. Nf3 Rd8 11. Qe2 b5 12. Bxb5 axb5 13. Qxb5 Ba6 14. Qa4 Qb7 15. Qb3 c4 16. Qxb7 Bxb7 17. 0-0 Bxf3 18. gxf3 Nd5 19. Nxd5 Rxd5 20. b3 c3 21. a4 Bb4 22. Rfd1 Nc6 23. Rd3 Rad8 24. Rad1 Ba5 25. f4 Rc8 26. Rc1 Nb4 27. Rdd1 Rcd8 28. Kf1 Bb6 29. Ra1 Kf8 30. Kg2 Ke8 31. Kf3 Kd7 32. a5 Bxa5 33. Rdc1 Kc6 34. Ra4 Kb5 35. Rca1 Bb6 36. Rxb4+ Kxb4 37. Ra4+ Kb5 38. Rc4 Bxd4 39. Bxd4 Rxd4 40. Rxc3 Kb6 41. Ke3 Rb4 42. f5 e5 43. Ke2 Re4+ 44. Kf3 Rf4+ 45. Ke2 Rxf5 46. Re3 f6 47. b4 Rf4 48. c3 Kb5 49. f3 Kc4 50. h3 Ra8 51. Re4+ Rxe4+ 52. fxe4 Kxc3 0-1

[Event "IND-ch Challengers 50th"]
[Site "Tirupati"]
[Date "2012.05.24"]
[Round "9.15"]
[White "Praveen, Prasad P"]
[Black "Bitan, Banerjee"]
[Result "0-1"]
[WhiteElo "2248"]
[BlackElo "2342"]
[PlyCount "70"]
[EventDate "2012.05.18"]
[EventType "swiss"]
[EventRounds "13"]
[EventCountry "IND"]
[SourceTitle "CBM 148 Extra"]
[Source "ChessBase"]
[SourceDate "2012.06.22"]
[SourceVersion "1"]
[SourceVersionDate "2012.06.22"]
[SourceQuality "1"]

1. Nf3 Nf6 2. d4 g6 3. Nbd2 Bg7 4. b4 c6 5. e3 Nd5 6. c4 Nxb4 7. a3 N4a6 8. Bd3 d5 9. Rb1 0-0 10. 0-0 Nc7 11. c5 Nd7 12. Nb3 e5 13. Be2 e4 14. Ne1 Ne6 15. f4 exf3 16. Bxf3 Ng5 17. Rf2 Nf6 18. Rfb2 Nfe4 19. Bxe4 Nxe4 20. Bd2 Bf5 21. Nc2 b6 22. Be1 bxc5 23. Na5 Qc8 24. Ra2 Qa6 25. Rc1 Rab8 26. dxc5 Nc3 27. Bxc3 Bxc3 28. Nb4 Qxa5 29. Nxc6 Qxc5 30. Nxb8 Qxe3+ 31. Kh1 Rxb8 32. Re2 Qxc1 33. Qxc1 Rb1 34. Qxb1 Bxb1 35. Re7 d4 0-1

[Event "IND-ch Challengers 50th"]
[Site "Tirupati"]
[Date "2012.05.21"]
[Round "6.13"]
[White "Kamble, Vikramaditya"]
[Black "Praveen, Prasad P"]
[Result "1/2-1/2"]
[WhiteElo "2455"]
[BlackElo "2248"]
[PlyCount "119"]
[EventDate "2012.05.18"]
[EventType "swiss"]
[EventRounds "13"]
[EventCountry "IND"]
[SourceTitle "CBM 148 Extra"]
[Source "ChessBase"]
[SourceDate "2012.06.22"]
[SourceVersion "1"]
[SourceVersionDate "2012.06.22"]
[SourceQuality "1"]

1. Nf3 c5 2. e4 d6 3. d4 cxd4 4. Nxd4 Nf6 5. Nc3 a6 6. Bc4 e6 7. Be3 Nbd7 8. Qe2 b5 9. Bb3 Nc5 10. f3 Bb7 11. 0-0-0 Qa5 12. Qd2 Be7 13. Kb1 Nfd7 14. Bg5 Nf6 15. h4 b4 16. Nce2 Qb6 17. Be3 a5 18. g4 Qa6 19. a4 bxa3 20. bxa3 Nxb3 21. cxb3 d5 22. g5 Nh5 23. exd5 Bxd5 24. Nc3 Rd8 25. Qf2 0-0 26. a4 Qb7 27. Kb2 Bb4 28. Nxd5 Rxd5 29. Nc2 Rb8 30. Nxb4 Qxb4 31. Qc2 Rf5 32. Ba7 Rf8 33. Rd3 Qb7 34. Bc5 Nf4 35. Bxf8 Nxd3+ 36. Qxd3 Rxf3 37. Qd1 Rf2+ 38. Ka1 Qc7 39. Bxg7 e5 40. Qc1 Rc2 41. Qe3 Kxg7 42. Re1 Rc3 43. Qxe5+ Qxe5 44. Rxe5 Rxb3 45. Rxa5 Rh3 46. h5 Rxh5 47. Rb5 Rh4 48. a5 Ra4+ 49. Kb2 h6 50. gxh6+ Kxh6 51. Kb3 Ra1 52. Kb2 Ra4 53. Kb3 Ra1 54. Kc4 Kg6 55. Kc5 f5 56. Kb6 f4 57. a6 f3 58. Rb2 Kf5 59. a7 Kf4 60. Kb7 1/2-1/2

[Event "IND-chB 48th"]
[Site "Bhiwani"]
[Date "2010.09.24"]
[Round "11"]
[White "Praveen, Prasad P"]
[Black "Saptarshi, Roy Chowdhury"]
[Result "1/2-1/2"]
[WhiteElo "2290"]
[BlackElo "2387"]
[PlyCount "50"]
[EventDate "2010.09.16"]
[EventType "swiss"]
[EventRounds "13"]
[EventCountry "IND"]
[SourceTitle "CBM 138 Extra"]
[Source "ChessBase"]
[SourceDate "2010.10.29"]
[SourceVersion "1"]
[SourceVersionDate "2010.10.29"]
[SourceQuality "1"]

1. e4 c5 2. Nf3 a6 3. d3 Nc6 4. g3 g6 5. h4 d6 6. Bg2 Bg7 7. Nbd2 h6 8. 0-0 e6 9. Re1 Nge7 10. Nf1 Qc7 11. c3 d5 12. Qe2 dxe4 13. dxe4 b6 14. Be3 Bb7 15. Rad1 0-0 16. Qd2 Rad8 17. Qc1 Kh7 18. N1h2 Rxd1 19. Rxd1 Rd8 20. Rxd8 Nxd8 21. Ng4 h5 22. Bf4 Qc8 23. Ne3 Qd7 24. Qd1 Qxd1+ 25. Nxd1 Ndc6 1/2-1/2

[Event "IND-chB 48th"]
[Site "Bhiwani"]
[Date "2010.09.23"]
[Round "10"]
[White "Prathamesh, Sunil Mokal"]
[Black "Praveen, Prasad P"]
[Result "1/2-1/2"]
[WhiteElo "2408"]
[BlackElo "2290"]
[PlyCount "52"]
[EventDate "2010.09.16"]
[EventType "swiss"]
[EventRounds "13"]
[EventCountry "IND"]
[SourceTitle "CBM 138 Extra"]
[Source "ChessBase"]
[SourceDate "2010.10.29"]
[SourceVersion "1"]
[SourceVersionDate "2010.10.29"]
[SourceQuality "1"]

1. e4 d5 2. exd5 Qxd5 3. Nc3 Qd8 4. d4 Nf6 5. Nf3 c6 6. Bc4 Bf5 7. Ne5 e6 8. g4 Be4 9. Nxe4 Nxe4 10. Qf3 Nd6 11. Bb3 Nd7 12. Bf4 Qa5+ 13. c3 Nxe5 14. dxe5 Nc8 15. 0-0 Be7 16. Rad1 Qc7 17. Rd3 Nb6 18. Qe4 Nd7 19. Rh3 Nc5 20. Qc2 h6 21. Rd1 Rd8 22. g5 h5 23. Bc4 g6 24. Re3 Rxd1+ 25. Qxd1 Qd8 26. Qxd8+ Bxd8 1/2-1/2

[Event "IND-chB 48th"]
[Site "Bhiwani"]
[Date "2010.09.18"]
[Round "4"]
[White "Praveen, Prasad P"]
[Black "Singh, DP."]
[Result "1/2-1/2"]
[WhiteElo "2290"]
[BlackElo "2311"]
[PlyCount "51"]
[EventDate "2010.09.16"]
[EventType "swiss"]
[EventRounds "13"]
[EventCountry "IND"]
[SourceTitle "CBM 138 Extra"]
[Source "ChessBase"]
[SourceDate "2010.10.29"]
[SourceVersion "1"]
[SourceVersionDate "2010.10.29"]
[SourceQuality "1"]

1. e4 e5 2. Nf3 Nc6 3. Nc3 Nf6 4. Bb5 Bb4 5. 0-0 0-0 6. d3 d6 7. Bg5 Bxc3 8. bxc3 Qe7 9. Bxc6 bxc6 10. Nd2 h6 11. Bxf6 Qxf6 12. Qf3 Qxf3 13. Nxf3 Rb8 14. Rfb1 Be6 15. c4 Rb6 16. Nd2 Rfb8 17. Rb3 Kf8 18. Kf1 Ke7 19. Rab1 g6 20. f3 f5 21. Ke2 f4 22. a4 a5 23. Rxb6 cxb6 24. Nb3 Ra8 25. Nd2 Rb8 26. Nb3 1/2-1/2

[Event "New Delhi Parsvnath op 6th"]
[Site "New Delhi"]
[Date "2008.01.19"]
[Round "9"]
[White "Diwan, Rajesh"]
[Black "Praveen, Prasad P"]
[Result "1/2-1/2"]
[WhiteElo "2084"]
[BlackElo "2260"]
[PlyCount "161"]
[EventDate "2008.01.13"]
[EventType "swiss"]
[EventRounds "10"]
[EventCountry "IND"]
[SourceTitle "CBM 122 Extra"]
[Source "ChessBase"]
[SourceDate "2008.03.04"]
[SourceVersion "1"]
[SourceVersionDate "2008.03.04"]
[SourceQuality "1"]

1. d4 d5 2. c4 dxc4 3. Nc3 c6 4. a4 e5 5. dxe5 Qxd1+ 6. Kxd1 Be6 7. e4 f6 8. Nf3 Nd7 9. Nd4 Bg4+ 10. f3 fxe5 11. Nxc6 Be6 12. Na5 0-0-0 13. Nxc4 Nb6+ 14. Nd2 Bc5 15. Kc2 Ne7 16. a5 Na8 17. Nb3 Bf2 18. Bg5 Nc6 19. Ra4 Rd6 20. Bc4 Nc7 21. Rf1 h6 22. Be7 Nxe7 23. Rxf2 Rc6 24. Bxe6+ Nxe6 25. Kb1 Rd8 26. Rd2 Nf4 27. Nb5 Rxd2 28. Nxa7+ Kd7 29. Nxd2 Ra6 30. Nb5 Nxg2 31. Nc4 Re6 32. Nb6+ Kd8 33. Nd5 Nf4 34. Nxf4 exf4 35. Rd4+ Kc8 36. Nd6+ Kb8 37. Nb5 Kc8 38. Rc4+ Kb8 39. Nd4 Re5 40. b4 g5 41. h3 Ng6 42. a6 Re8 43. b5 Ne5 44. Ra4 Ka7 45. Kc2 h5 46. Ra5 Kb6 47. Ra1 Rd8 48. Kc3 Rc8+ 49. Kd2 Rd8 50. Ke2 bxa6 51. bxa6 Rh8 52. a7 Ra8 53. Ne6 Nf7 54. h4 gxh4 55. Nxf4 Rxa7 56. Rxa7 Kxa7 57. Nxh5 Ng5 58. Ke3 Kb6 59. f4 Nf7 60. Kf3 Kc5 61. e5 Kd5 62. Nf6+ Ke6 63. Ke4 Nh6 64. Nh7 Kd7 65. Ng5 Ke7 66. f5 Ng4 67. Nh3 Nh2 68. f6+ Kf7 69. Kf5 Nf3 70. e6+ Ke8 71. Kg6 Nd4 72. Ng5 h3 73. Kg7 Nf5+ 74. Kg8 Nh6+ 75. Kg7 Nf5+ 76. Kg6 h2 77. f7+ Ke7 78. Nh7 Nh4+ 79. Kh5 h1Q 80. f8Q+ Kxe6 81. Qe8+ 1/2-1/2

[Event "New Delhi Parsvnath op 6th"]
[Site "New Delhi"]
[Date "2008.01.18"]
[Round "8"]
[White "Praveen, Prasad P"]
[Black "Arun Prasad, Subramanian"]
[Result "0-1"]
[WhiteElo "2260"]
[BlackElo "2423"]
[PlyCount "46"]
[EventDate "2008.01.13"]
[EventType "swiss"]
[EventRounds "10"]
[EventCountry "IND"]
[SourceTitle "CBM 122 Extra"]
[Source "ChessBase"]
[SourceDate "2008.03.04"]
[SourceVersion "1"]
[SourceVersionDate "2008.03.04"]
[SourceQuality "1"]

1. e4 c5 2. Nf3 d6 3. d4 cxd4 4. Nxd4 Nf6 5. Nc3 a6 6. Be3 e5 7. Nb3 Be7 8. Be2 Be6 9. f4 exf4 10. Bxf4 Nc6 11. Qd2 Ne5 12. 0-0-0 Rc8 13. Kb1 b5 14. Bxe5 dxe5 15. Qc1 Qc7 16. Rhf1 0-0 17. Bd3 Rfd8 18. h3 b4 19. Ne2 a5 20. Qe3 a4 21. Nbc1 Nd7 22. Ng3 a3 23. b3 Qc3 0-1

[Event "Commonwealth-ch"]
[Site "New Delhi"]
[Date "2007.12.05"]
[Round "4"]
[White "Shiva Murugan, RK."]
[Black "Praveen, Prasad P"]
[Result "0-1"]
[WhiteElo "1970"]
[BlackElo "2214"]
[PlyCount "96"]
[EventDate "2007.12.03"]
[EventType "swiss"]
[EventRounds "10"]
[EventCountry "IND"]
[SourceTitle "CBM 121 Extra"]
[Source "ChessBase"]
[SourceDate "2008.01.10"]
[SourceVersion "1"]
[SourceVersionDate "2008.01.10"]
[SourceQuality "1"]

1. d4 d5 2. c4 dxc4 3. e4 e5 4. d5 Nf6 5. Nc3 b5 6. Bg5 Ba6 7. a3 h6 8. Bh4 Nbd7 9. Nf3 Bd6 10. Be2 Nc5 11. Qc2 Rb8 12. 0-0 Bc8 13. a4 a6 14. axb5 axb5 15. Nd2 g5 16. Bg3 Bd7 17. b4 cxb3 18. Nxb3 b4 19. Nxc5 Bxc5 20. Bxe5 bxc3 21. Qxc3 Bb4 22. Qd4 Be7 23. Ra6 Rb4 24. Qa1 Bc8 25. Rxf6 0-0 26. Rxh6 f6 27. Bc3 Rxe4 28. Bf3 Rf4 29. Re1 Bf5 30. Bd2 Rxf3 31. gxf3 Rf7 32. Qd4 c5 33. Qc3 Rg7 34. Qc4 Qd6 35. Re4 Bf8 36. Kf1 Bc8 37. Kg2 Rf7 38. Rh5 Bf5 39. Bc3 Be7 40. h4 Bxe4 41. Qxe4 gxh4 42. Qxh4 Rg7+ 43. Kh1 Kf7 44. Rf5 Qa6 45. Qh5+ Kf8 46. Qh8+ Rg8 47. Qh3 Qd3 48. Ba5 Qd1+ 0-1

[Event "Commonwealth-ch"]
[Site "New Delhi"]
[Date "2007.12.03"]
[Round "2"]
[White "Akshat, Aggarwal"]
[Black "Praveen, Prasad P"]
[Result "0-1"]
[WhiteElo "1847"]
[BlackElo "2214"]
[PlyCount "64"]
[EventDate "2007.12.03"]
[EventType "swiss"]
[EventRounds "10"]
[EventCountry "IND"]
[SourceTitle "CBM 121 Extra"]
[Source "ChessBase"]
[SourceDate "2008.01.10"]
[SourceVersion "1"]
[SourceVersionDate "2008.01.10"]
[SourceQuality "1"]

1. d4 d5 2. Nf3 c5 3. e3 Nc6 4. c3 Bg4 5. Be2 Nf6 6. Nbd2 e6 7. Ne5 Bxe2 8. Qxe2 Qc7 9. f4 Bd6 10. 0-0 Nd7 11. Qg4 0-0 12. Nxd7 Qxd7 13. f5 exf5 14. Qxf5 Qxf5 15. Rxf5 Ne7 16. Rf3 f5 17. b3 Rac8 18. Ba3 Rf6 19. dxc5 Bxc5 20. Bxc5 Rxc5 21. c4 dxc4 22. Nxc4 b5 23. Na5 Rc2 24. Rf2 Rc3 25. Re2 Ra6 26. b4 Nd5 27. a3 Nxe3 28. Rae1 f4 29. Ra1 Rg6 30. Kh1 Rd6 31. h3 Rcd3 32. Ree1 Nc2 0-1

[Event "World ol U16 04th"]
[Site "Calicut"]
[Date "2004.07.??"]
[Round "9"]
[White "Praveen, Prasad P"]
[Black "Khademi, Mohammad Miran"]
[Result "1-0"]
[WhiteElo "2166"]
[BlackElo "2070"]
[PlyCount "36"]
[EventDate "2004.07.01"]
[EventType "team-swiss"]
[EventRounds "9"]
[EventCountry "IND"]
[SourceTitle "EXT 2014"]
[Source "ChessBase"]
[SourceDate "2013.11.20"]
[SourceVersion "1"]
[SourceVersionDate "2013.11.20"]
[SourceQuality "1"]

1. e4 e5 2. Nf3 Nc6 3. Nc3 Nf6 4. Bb5 Bc5 5. Nxe5 Nxe5 6. d4 Ng6 7. Rf1 c6 8. Bd3 Qb6 9. Be2 d5 10. e5 Nxe5 11. Na4 Qa5+ 12. c3 Ne4 13. Bd3 Nd7 14. Nxc5 Ndf6 15. b4 Nxc5 16. Bc2 Qa6 17. dxc5 Qc4 18. Bd2 Qxc3 1-0

[Event "World ol U16 04th"]
[Site "Calicut"]
[Date "2004.07.??"]
[Round "2"]
[White "Praveen, Prasad P"]
[Black "Kvon, Andrey"]
[Result "1/2-1/2"]
[WhiteElo "2166"]
[BlackElo "2291"]
[PlyCount "91"]
[EventDate "2004.07.01"]
[EventType "team-swiss"]
[EventRounds "9"]
[EventCountry "IND"]
[SourceTitle "EXT 2014"]
[Source "ChessBase"]
[SourceDate "2013.11.20"]
[SourceVersion "1"]
[SourceVersionDate "2013.11.20"]
[SourceQuality "1"]

1. e4 c5 2. Nf3 Nc6 3. Nc3 Nf6 4. Be2 e6 5. 0-0 d6 6. d4 cxd4 7. Nxd4 Be7 8. Be3 0-0 9. Kh1 Bd7 10. f4 Qb8 11. f5 Nxd4 12. Qxd4 b5 13. Bf3 Bc6 14. Ne2 Nd7 15. Qd1 Qb7 16. Nd4 Bxe4 17. fxe6 fxe6 18. Nxe6 Bxf3 19. Rxf3 Rxf3 20. Qxf3 Qxf3 21. gxf3 Bf6 22. Bd4 Kf7 23. Nc7 Rb8 24. Rd1 Rb7 25. Nd5 Nc5 26. Nxf6 gxf6 27. Bxc5 dxc5 28. Rd5 Rc7 29. Kg2 Ke6 30. Rd8 Kf5 31. Kg3 Rg7+ 32. Kf2 Rc7 33. Kg3 Rg7+ 34. Kf2 Rc7 35. Kg3 Rg7+ 36. Kf2 Rc7 37. Ke3 Re7+ 38. Kf2 Kf4 39. Rd5 Re5 40. Rd6 f5 41. Rd7 Re3 42. Rxh7 Rxf3+ 43. Ke2 Re3+ 44. Kf2 Rf3+ 45. Ke2 Re3+ 46. Kf2 1/2-1/2